00949nam a2200229 a 4500008004100000020001500041020001500056050001400071100005100085245015300136260005000289300001500339350000900354500005100363650003800414650004500452650004100497650004200538700002100580856005500601856006300656060316s1987 ||||||||||||||||| || u a0521255651 a0521275601 aQ 181 Sci aEngelhardt, H. Tristram (Hugo Tristram), 1941-10aScientific controversies : case studies in the resolution and closure of disputes in science and technology /cedited by H. Tristram Engelhardt, Jr. aCambridge:bCambridge University Pressc1987. ax, 639 p.  a0.00 aIncludes bibliographical references and index. aSCIENCE--PHILOSOPHY--CASE STUDIES aTECHNOLOGY--SOCIAL ASPECTS--CASE STUDIES aTECHNOLOGY--PHILOSOPHY--CASE STUDIES aSCIENCE--SOCIAL ASPECTS--CASE STUDIES aCaplan, Arthur L uhttp://www.loc.gov/catdir/toc/cam021/84028480.html uhttp://www.loc.gov/catdir/description/cam022/84028480.html